Personal financial planning : (Record no. 72561)

MARC details
000 -LEADER
fixed length control field 01277nam a22003497i 4500
003 - CONTROL NUMBER IDENTIFIER
control field URS
005 - DATE AND TIME OF LATEST TRANSACTION
control field 20230817141039.0
008 - FIXED-LENGTH DATA ELEMENTS--GENERAL INFORMATION
fixed length control field 180529b xxu||||| |||| 00| 0 eng d
020 ## - INTERNATIONAL STANDARD BOOK NUMBER
International Standard Book Number 9781419540493 (hbk.)
020 ## - INTERNATIONAL STANDARD BOOK NUMBER
International Standard Book Number 1419540491 (hbk.)
040 ## - CATALOGING SOURCE
Original cataloging agency DLC
Description conventions rda
Transcribing agency DLC
Modifying agency URS
Language of cataloging eng
050 00 - LIBRARY OF CONGRESS CALL NUMBER
Classification number HG179.5
Item number .P4321 2005
245 00 - TITLE STATEMENT
Title Personal financial planning :
Remainder of title theory and practice /
Statement of responsibility, etc. Michael A. Dalton, ... [and four others].
264 #1 - PRODUCTION, PUBLICATION, DISTRIBUTION, MANUFACTURE, AND COPYRIGHT NOTICE
Place of production, publication, distribution, manufacture Louisiana :
Name of producer, publisher, distributor, manufacturer DF Institute, Inc,
Date of production, publication, distribution, manufacture, or copyright notice [date of publication not identified].
264 #4 - PRODUCTION, PUBLICATION, DISTRIBUTION, MANUFACTURE, AND COPYRIGHT NOTICE
Date of production, publication, distribution, manufacture, or copyright notice ©2005
300 ## - PHYSICAL DESCRIPTION
Extent xxiii, 916 pages :
Other physical details illustrations ;
Dimensions 27 cm
336 ## - CONTENT TYPE
Source rdacontent
Content type term text
336 ## - CONTENT TYPE
Source rdacontent
Content type term still image
337 ## - MEDIA TYPE
Source rdamedia
Media type term unmediated
338 ## - CARRIER TYPE
Source rdacarrier
Carrier type term volume
500 ## - GENERAL NOTE
General note "4th ed. changes"--P. vii.
500 ## - GENERAL NOTE
General note Includes index.
524 ## - PREFERRED CITATION OF DESCRIBED MATERIALS NOTE
Preferred citation of described materials note Dalton, M. A., Dalton, J. F. Cangelosi, R. R., Guttery, R. S.,& Wasserman, S. A. (2005). Personal financial planning theory and practice. Louisiana: DF Institute.
650 #0 - SUBJECT ADDED ENTRY--TOPICAL TERM
Topical term or geographic name entry element Financial planners.
650 #0 - SUBJECT ADDED ENTRY--TOPICAL TERM
Topical term or geographic name entry element Finance, Personal.
700 1# - ADDED ENTRY--PERSONAL NAME
Personal name Dalton, Michael A.
Relator term author
700 1# - ADDED ENTRY--PERSONAL NAME
Personal name Dalton, James F.
Relator term author
700 1# - ADDED ENTRY--PERSONAL NAME
Personal name Cangelosi, Randal R.
Relator term author
700 1# - ADDED ENTRY--PERSONAL NAME
Personal name Guttery, Randall S.
700 1# - ADDED ENTRY--PERSONAL NAME
Personal name Wasserman, Scott A.
942 ## - ADDED ENTRY ELEMENTS (KOHA)
Source of classification or shelving scheme Library of Congress Classification
Koha item type Foreign Books
Holdings
Withdrawn status Source of classification or shelving scheme Damaged status Not for loan Collection code Home library Current library Shelving location Date acquired Total Checkouts Full call number Barcode Date last seen Price effective from Koha item type
  Library of Congress Classification     Non-fiction Tanay College Library Tanay College Library General Stacks 12/17/2014   HG179.5 .P4321 2005 URSTAN-N1643 07/26/2022 03/10/2016 Foreign Books

University of Rizal System
Email us at univlibservices@urs.edu.ph

Visit our Website www.urs.edu.ph/library